Hazbin Hotel - Don't you forget (Reprise) lyrics - Statistics

General Stats
  • This quiz has been taken 210 times
    140 since last reset
  • The average score is 212 of 261
Answer Stats
Hint Answer % Correct
I
100%
Alastor: | Vox: You
100%
you
100%
your
100%
go
99%
me
99%
me,
99%
think
99%
a
97%
is
97%
make
97%
do
96%
Vox: "Do
96%
gonna
96%
I'm
96%
little
96%
my
96%
and
94%
cry?
94%
house
94%
in
94%
rules
94%
with
94%
You're
94%
you're
94%
al
93%
forget!
93%
the
93%
be
91%
Don't
91%
to
91%
Alastor: "To
91%
when
91%
win!
91%
by
90%
mockery
90%
so
90%
So
90%
all
88%
all!
88%
Look
88%
look
88%
been?
87%
been
87%
obsessed
87%
on
87%
That
87%
that
87%
time!
87%
time
87%
dream,
85%
gone
85%
I've
85%
tools
85%
up
85%
up?"
85%
have
84%
bitch
82%
got
82%
team,
82%
around
81%
like
81%
no
81%
this
81%
at
79%
master
79%
won
79%
ass
78%
need
78%
yet!
78%
he
76%
string!
76%
act
75%
lose
75%
mercy,
75%
Now
75%
now
75%
show
75%
shut
75%
three
75%
could
74%
did
74%
ever
74%
it
74%
room
74%
stayed
74%
take
74%
whole
74%
ain't
72%
brighter,
72%
care!!
72%
knew
72%
must
72%
newer!
72%
past
72%
still
72%
watch
72%
before
71%
here
71%
Vox: Here
71%
audience
69%
has
69%
just
69%
can
68%
had
68%
marbles
68%
not
68%
thing!
68%
know
66%
more
66%
small!
66%
smarter,
66%
last
65%
sharper,
65%
wish
65%
You've
65%
alive
63%
bottomest
63%
deep
63%
except
63%
I'll
63%
loser?"
63%
run
63%
dry
62%
luck
62%
scared!
62%
ya,
62%
you'd
62%
cute
60%
fried
60%
'bout
59%
high
59%
keep
59%
radio's
59%
ruler!
59%
struggle
59%
unwilling
59%
won't
59%
goes!
57%
mighty
57%
scheming
57%
try
57%
you'll
57%
end
56%
flipped
56%
fun
56%
how
56%
if
56%
switch
56%
cursed
54%
smug
54%
tale
53%
wouldn't
53%
I'd
51%
worse,
51%
glue
50%
squirm
50%
bawling
49%
dead
47%
huffing
47%
laugh
47%
check
44%
though
43%
cashed,
41%
Vox: Ooo
25%
No matching quizzes found
Score Distribution
Percent of People with Each Score
Percentile by Number Answered
Your Score History
You have not taken this quiz since the last reset